| 000 | 00859cam a2200265 a 4500 | ||
|---|---|---|---|
| 001 | 24228 | ||
| 003 | BD-RjUL | ||
| 005 | 20211209001026.0 | ||
| 008 | 850520s1957 ctu b 000 0 eng | ||
| 035 | _a(BD-RjUL)24294 | ||
| 040 |
_aDLC _cDLC _dBD-RjUL _beng |
||
| 041 | _aeng | ||
| 082 | 0 | 0 |
_a941 _219 _bMAS 1957 |
| 100 | 1 |
_aMaitland, Frederic William, _d1850-1906. _914069 |
|
| 245 | 1 | 0 |
_aSelected historical essays of F.W. Maitland / _cchosen and introduced by Helen M. Cam. |
| 260 |
_aCambridge : _bUniversity Press, _cc1957. |
||
| 300 |
_axxix, 277 p. ; _c23 cm. |
||
| 504 | _aIncludes bibliographical references. | ||
| 650 | 0 |
_aLaw _zGreat Britain _xHistory. _974630 |
|
| 651 | 0 |
_aGreat Britain _xHistory. _974631 |
|
| 700 | 1 |
_aCam, Helen M. _q(Helen Maud), _d1885-1968. _974632 |
|
| 942 |
_2ddc _cBK |
||
| 999 |
_c24228 _d24228 |
||